[Event "BEM 2011 M-Klasse"]
[Site "Berlin"]
[Date "2012.04.08"]
[Round "1.1"]
[White "Stern, Rene"]
[Black "Boettcher, Patrick"]
[Result "1-0"]
[WhiteElo "2502"]
[BlackElo "2166"]
[PlyCount "85"]
[EventDate "2012.??.??"]
[WhiteTeam "SK König Tegel 1949"]
[BlackTeam "SC Zitadelle Spandau 1977"]

1. d4 Nf6 2. c4 e6 3. Nc3 Bb4 4. Bd2 d5 5. e3 O-O 6. Nf3 c5 7. a3 Bxc3 8. Bxc3
Ne4 9. Rc1 Nxc3 10. Rxc3 cxd4 11. Qxd4 Nc6 12. Qd2 dxc4 13. Bxc4 Qxd2+ 14. Kxd2
Rd8+ 15. Ke2 h6 16. Rhc1 Bd7 17. Bd3 Rac8 18. Be4 f5 19. Bxc6 Rxc6 20. Rxc6
Bxc6 21. Nd4 Rc8 22. Nxc6 bxc6 23. Rc5 Kf7 24. Ra5 Rc7 25. Kd3 g5 26. b4 g4 27.
g3 h5 28. e4 Rd7+ 29. Ke3 Kf6 30. exf5 exf5 31. Ra6 Re7+ 32. Kd3 Rd7+ 33. Kc2
Rd6 34. Rxa7 Ke5 35. Re7+ Kd4 36. Re3 Rf6 37. Rd3+ Kc4 38. Rc3+ Kd4 39. Kb3 h4
40. gxh4 Rh6 41. h3 Kd5 42. h5 Rxh5 43. hxg4 1-0

[Event "BEM 2011 M-Klasse"]
[Site "Berlin"]
[Date "2012.04.08"]
[Round "1.2"]
[White "Shapiro, Yosip"]
[Black "Kalinitschew, Sergey"]
[Result "0-1"]
[WhiteElo "2152"]
[BlackElo "2430"]
[PlyCount "56"]
[EventDate "2012.??.??"]
[WhiteTeam "SV Berolina Mitte e.V."]
[BlackTeam "SC Kreuzberg"]

1. Nf3 f5 2. e4 fxe4 3. Ng5 Nf6 4. d3 e3 5. Bxe3 d5 6. d4 Nc6 7. c4 e6 8. Bd3
Bb4+ 9. Nc3 O-O 10. O-O h6 11. Nf3 dxc4 12. Bxc4 Nd5 13. Ne4 Nce7 14. a3 Bd6
15. Ne5 Qe8 16. Qg4 Nf5 17. Rae1 b6 18. Bd2 Bb7 19. b4 Rd8 20. Ng6 Rf7 21. Nc3
Qd7 22. Ne5 Bxe5 23. Rxe5 Nf6 24. Qg6 Qxd4 25. Bxe6 Qxe5 26. Bxf7+ Kh8 27. Re1
Qd4 28. Rd1 Qxc3 0-1

[Event "BEM 2011 M-Klasse"]
[Site "Berlin"]
[Date "2012.04.08"]
[Round "1.3"]
[White "Paulsen, Dirk"]
[Black "Offermann, Fernando"]
[Result "1/2-1/2"]
[WhiteElo "2371"]
[BlackElo "2130"]
[PlyCount "44"]
[EventDate "2012.??.??"]
[WhiteTeam "SG Lasker Steglitz-Wilmersdorf"]
[BlackTeam "SF Berlin 1903"]

1. d4 Nf6 2. c4 g6 3. Nc3 Bg7 4. e4 d6 5. Nf3 O-O 6. Be2 e5 7. d5 a5 8. O-O Na6
9. Be3 Ng4 10. Bg5 f6 11. Bh4 Qe8 12. h3 Nh6 13. g4 Nf7 14. Nd2 h5 15. Kg2 hxg4
16. hxg4 Bd7 17. Rh1 Qe7 18. f3 Bh6 19. Nf1 Kg7 20. Qc2 c5 21. dxc6 bxc6 22.
Bf2 Nc5 1/2-1/2

[Event "BEM 2011 M-Klasse"]
[Site "Berlin"]
[Date "2012.04.08"]
[Round "1.4"]
[White "Zschaebitz, Klaus"]
[Black "Moeller, Hendrik"]
[Result "1-0"]
[WhiteElo "2123"]
[BlackElo "2242"]
[PlyCount "63"]
[EventDate "2012.??.??"]
[WhiteTeam "BSG 1827 Eckbauer"]
[BlackTeam "SC Weisse Dame"]

1. d4 Nf6 2. c4 e6 3. g3 Bb4+ 4. Bd2 Qe7 5. Nf3 Nc6 6. Nc3 Bxc3 7. Bxc3 Ne4 8.
Rc1 O-O 9. Bg2 d6 10. d5 Nxc3 11. Rxc3 Nd8 12. O-O e5 13. Nd2 Bd7 14. b4 a5 15.
Ra3 b6 16. c5 Bb5 17. cxd6 Qxd6 18. Qc1 Nb7 19. bxa5 Nxa5 20. Rc3 Rac8 21. Qc2
Rfd8 22. Ne4 Qd7 23. Ng5 h6 24. Qh7+ Kf8 25. Qh8+ Ke7 26. Qxg7 hxg5 27. Qxe5+
Kf8 28. Qh8+ Ke7 29. Re3+ Kd6 30. Qe5+ Kc5 31. d6+ Kb4 32. Qc3+ 1-0

[Event "BEM 2011 M-Klasse"]
[Site "Berlin"]
[Date "2012.04.08"]
[Round "1.5"]
[White "Jahnz, Fabian"]
[Black "Moritz, Aron"]
[Result "1/2-1/2"]
[WhiteElo "2245"]
[BlackElo "2104"]
[PlyCount "36"]
[EventDate "2012.??.??"]
[WhiteTeam "SK König Tegel 1949"]
[BlackTeam "SV Empor Berlin"]

1. e4 g6 2. d4 Bg7 3. c3 d6 4. Nf3 Nf6 5. Bd3 c5 6. Nbd2 O-O 7. O-O Nbd7 8. e5
Nd5 9. exd6 exd6 10. Ne4 Qc7 11. c4 N5f6 12. Nc3 Qb6 13. Be2 a6 14. Bf4 h6 15.
h4 Kh7 16. Qd2 Re8 17. dxc5 dxc5 18. Bd3 Nf8 1/2-1/2

[Event "BEM 2011 M-Klasse"]
[Site "Berlin"]
[Date "2012.04.08"]
[Round "1.6"]
[White "Keskowski, Thilo"]
[Black "Dimitrijeski, Kristian"]
[Result "1/2-1/2"]
[WhiteElo "2102"]
[BlackElo "2207"]
[PlyCount "74"]
[EventDate "2012.??.??"]
[WhiteTeam "SV Berolina Mitte"]
[BlackTeam "SK König Tegel 1949"]

1. d4 d5 2. Nf3 c6 3. Bf4 Qb6 4. b3 Bf5 5. e3 Nf6 6. Bd3 Bxd3 7. Qxd3 Nbd7 8.
O-O e6 9. Nbd2 Be7 10. Ne5 O-O 11. Bg5 Qd8 12. f4 Ne8 13. Nxd7 Qxd7 14. Bxe7
Qxe7 15. e4 dxe4 16. Nxe4 Rd8 17. Rad1 Nf6 18. f5 exf5 19. Nxf6+ Qxf6 20. Rxf5
Qg6 21. Rdf1 Rd5 22. Rxd5 cxd5 23. Qxg6 hxg6 24. Re1 Rc8 25. Re2 f6 26. Kf2 Kf7
27. Ke1 b5 28. Kd2 b4 29. Re3 Rh8 30. h3 Rh4 31. c3 a5 32. Kd3 bxc3 33. Kxc3
Rf4 34. a3 Rf1 35. Re2 Ra1 36. Kb2 Rd1 37. Kc3 Ra1 1/2-1/2

[Event "BEM 2011 M-Klasse"]
[Site "Berlin"]
[Date "2012.04.08"]
[Round "1.7"]
[White "Stark, Ingo"]
[Black "Slepuschkin, Shenis"]
[Result "1-0"]
[WhiteElo "2184"]
[BlackElo "2095"]
[PlyCount "57"]
[EventDate "2012.??.??"]
[WhiteTeam "TSG Oberschöneweide"]
[BlackTeam "SK Zehlendorf"]

1. e4 e6 2. d4 d5 3. Nc3 Nf6 4. Bg5 Be7 5. e5 Nfd7 6. Bxe7 Qxe7 7. f4 a6 8. Nf3
c5 9. Qd2 Nc6 10. O-O-O cxd4 11. Nxd4 Nxd4 12. Qxd4 g6 13. Bd3 b5 14. a3 Qc5
15. Ne2 Rb8 16. Qxc5 Nxc5 17. Nd4 O-O 18. h4 Bd7 19. h5 b4 20. axb4 Rxb4 21. c3
Rb6 22. Bc2 Ba4 23. b4 Bxc2 24. bxc5 Bxd1 25. cxb6 Ba4 26. Kd2 gxh5 27. Ra1 Bb5
28. Nxb5 axb5 29. b7 1-0

[Event "BEM 2011 M-Klasse"]
[Site "Berlin"]
[Date "2012.04.08"]
[Round "1.8"]
[White "Noetzel, Felix"]
[Black "Jaervinen, Rauno"]
[Result "0-1"]
[WhiteElo "2091"]
[BlackElo "2182"]
[PlyCount "74"]
[EventDate "2012.??.??"]
[WhiteTeam "SC Borussia Friedrichsfelde 1920"]
[BlackTeam "SF Berlin 1903"]

1. e4 d5 2. exd5 Nf6 3. d4 Bg4 4. Be2 Bxe2 5. Nxe2 Qxd5 6. O-O Nc6 7. Nbc3 Qh5
8. Ng3 Qxd1 9. Rxd1 O-O-O 10. Be3 e6 11. Nce4 Nd5 12. c4 Nb6 13. Ng5 Rd7 14. d5
exd5 15. Bxb6 axb6 16. Rxd5 Rxd5 17. cxd5 Nd8 18. Re1 Kd7 19. h4 g6 20. N3e4
Bg7 21. Nc3 h6 22. Nge4 Re8 23. Kf1 f5 24. Ng3 Rf8 25. f4 h5 26. Nge2 Nf7 27.
Rd1 Bf6 28. g3 Nd6 29. Kf2 Re8 30. Nd4 Nc4 31. b3 Ne3 32. Rd3 Ng4+ 33. Kg1 Re1+
34. Kg2 Re3 35. Rxe3 Nxe3+ 36. Kf3 Bxd4 37. Nb5 Nc2 0-1

[Event "BEM 2011 M-Klasse"]
[Site "Berlin"]
[Date "2012.04.08"]
[Round "1.9"]
[White "Gebigke, Martin"]
[Black "Lerch, Philipp"]
[Result "1/2-1/2"]
[WhiteElo "2180"]
[BlackElo "2048"]
[PlyCount "50"]
[EventDate "2012.??.??"]
[WhiteTeam "SV Berolina Mitte"]
[BlackTeam "SK König Tegel 1949"]

1. d4 d5 2. c4 dxc4 3. Nf3 Nf6 4. e3 Bg4 5. Bxc4 e6 6. h3 Bh5 7. Nc3 Nbd7 8.
O-O Bb4 9. Qb3 a5 10. Ne5 O-O 11. Nd3 Bxc3 12. bxc3 Nb6 13. Nf4 Nxc4 14. Qxc4
Bg6 15. Nxg6 hxg6 16. Rb1 b6 17. Qc6 Rc8 18. c4 Re8 19. Rb5 Qd7 20. Qxd7 Nxd7
21. Bb2 c6 22. Rg5 Nf6 23. f3 Nh7 24. Rg4 Nf6 25. Rg5 Nh7 1/2-1/2

[Event "BEM 2011 M-Klasse"]
[Site "Berlin"]
[Date "2012.04.08"]
[Round "2.1"]
[White "Jaervinen, Rauno"]
[Black "Stern, Rene"]
[Result "0-1"]
[WhiteElo "2182"]
[BlackElo "2502"]
[PlyCount "82"]
[EventDate "2012.??.??"]
[WhiteTeam "SF Berlin 1903"]
[BlackTeam "SK König Tegel 1949"]

1. c4 e6 2. g3 d5 3. Nf3 Nf6 4. d4 Be7 5. Bg2 O-O 6. O-O dxc4 7. Qa4 a6 8. Qxc4
b5 9. Qc2 Bb7 10. Bd2 Be4 11. Qc1 Qc8 12. Nc3 Bb7 13. Rd1 Nbd7 14. Ne5 Bxg2 15.
Kxg2 c5 16. Nxd7 Qxd7 17. dxc5 b4 18. Nb1 Rac8 19. Be3 Qb5 20. Rd3 Bxc5 21.
Bxc5 Rxc5 22. Qd1 Qc6+ 23. f3 Rc1 24. Qb3 Qc5 25. e3 e5 26. Rd1 Rxd1 27. Qxd1
e4 28. Nd2 Qxe3 29. Nxe4 Nxe4 30. fxe4 Rc8 31. Kh3 g6 32. Qb3 Qh6+ 33. Kg2 Qd2+
34. Kh3 Rc2 35. Rf1 Qxh2+ 36. Kg4 Qe2+ 37. Rf3 h5+ 38. Kg5 Qd2+ 39. Rf4 Qd8+
40. Kh6 Qf8+ 41. Kg5 Rc5+ 0-1

[Event "BEM 2011 M-Klasse"]
[Site "Berlin"]
[Date "2012.04.08"]
[Round "2.2"]
[White "Kalinitschew, Sergey"]
[Black "Stark, Ingo"]
[Result "1-0"]
[WhiteElo "2430"]
[BlackElo "2184"]
[PlyCount "105"]
[EventDate "2012.??.??"]
[WhiteTeam "SC Kreuzberg"]
[BlackTeam "TSG Oberschöneweide"]

1. d4 Nf6 2. c4 e6 3. Nc3 c5 4. d5 exd5 5. cxd5 Bd6 6. Nf3 O-O 7. g3 Re8 8. Bg2
a6 9. a4 Bc7 10. O-O d6 11. Nd2 Nbd7 12. b3 Rb8 13. Bb2 b5 14. axb5 axb5 15. e4
Ne5 16. Qc2 Bd7 17. Nd1 Bb6 18. h3 c4 19. bxc4 Nxc4 20. Nxc4 Rc8 21. Nc3 Rxc4
22. Qb3 Qb8 23. Kh2 Bd4 24. Rab1 Rec8 25. Nxb5 Bxb2 26. Rxb2 Nxe4 27. Bxe4 Rxe4
28. Qf3 Re5 29. Rfb1 Bf5 30. Ra1 Be4 31. Qa3 Rc2 32. Rxc2 Bxc2 33. Nd4 g6 34.
Qa8 Qxa8 35. Rxa8+ Kg7 36. Nxc2 Re2 37. Ra2 Rxf2+ 38. Kg1 Rd2 39. Nb4 Rd4 40.
Rb2 h5 41. Kf2 h4 42. g4 f6 43. Ke3 Rd1 44. Nd3 Rg1 45. Nf2 f5 46. Rb6 fxg4 47.
Nxg4 Rg3+ 48. Kf4 Rxh3 49. Rxd6 Rg3 50. Rd7+ Kg8 51. d6 Kf8 52. Rh7 Rd3 53. Ke5
1-0

[Event "BEM 2011 M-Klasse"]
[Site "Berlin"]
[Date "2012.04.08"]
[Round "2.3"]
[White "Dimitrijeski, Kristian"]
[Black "Zschaebitz, Klaus"]
[Result "1-0"]
[WhiteElo "2207"]
[BlackElo "2123"]
[PlyCount "139"]
[EventDate "2012.??.??"]
[WhiteTeam "SK König Tegel 1949"]
[BlackTeam "BSG 1827 Eckbauer"]

1. d4 Nf6 2. c4 e6 3. Nc3 Bb4 4. Qc2 O-O 5. a3 Bxc3+ 6. Qxc3 d6 7. Nf3 Nbd7 8.
Bg5 b6 9. e3 Re8 10. Be2 Bb7 11. Qc2 Be4 12. Qd1 c5 13. O-O Rc8 14. Rc1 h6 15.
Bh4 e5 16. dxe5 dxe5 17. Qd2 g5 18. Bg3 Nh5 19. Rcd1 Nxg3 20. fxg3 Re7 21. Nxe5
Rxe5 22. Qxd7 Qxd7 23. Rxd7 Bg6 24. Rxa7 Rxe3 25. Bf3 Bd3 26. Rc1 Rce8 27. Bd5
Re1+ 28. Rxe1 Rxe1+ 29. Kf2 Re2+ 30. Kf3 Rxb2 31. Rxf7 Kh8 32. Ke3 Rb3 33. Kd2
Bg6 34. Rb7 Rd3+ 35. Ke2 Rb3 36. a4 Rb2+ 37. Ke3 Rb3+ 38. Kd2 Rb4 39. Ra7 Rb3
40. a5 bxa5 41. Rxa5 Kg7 42. Rxc5 Rd3+ 43. Ke2 Rd4 44. Rc7+ Kf6 45. Rc6+ Kg7
46. Re6 Bh5+ 47. Ke3 Rd1 48. Rd6 Re1+ 49. Kd4 Rd1+ 50. Kc5 Rc1 51. Rd7+ Kf6 52.
Kd6 Bg4 53. Rf7+ Kg6 54. Rf2 Bf5 55. c5 Rd1 56. Rxf5 Kxf5 57. c6 Re1 58. c7 Re8
59. Kd7 Rh8 60. c8=Q Rxc8 61. Kxc8 h5 62. Bf7 h4 63. gxh4 gxh4 64. h3 Kf6 65.
Bd5 Ke5 66. Bf3 Ke6 67. Kc7 Ke5 68. Kd7 Kf6 69. Kd6 Kf5 70. Kd5 1-0

[Event "BEM 2011 M-Klasse"]
[Site "Berlin"]
[Date "2012.04.08"]
[Round "2.4"]
[White "Moritz, Aron"]
[Black "Paulsen, Dirk"]
[Result "0-1"]
[WhiteElo "2104"]
[BlackElo "2371"]
[PlyCount "78"]
[EventDate "2012.??.??"]
[WhiteTeam "SV Empor Berlin"]
[BlackTeam "SG Lasker Steglitz-Wilmersdorf"]

1. e4 Nf6 2. e5 Nd5 3. c4 Nb6 4. d4 d6 5. exd6 cxd6 6. Nc3 g6 7. Be3 Bg7 8. Rc1
O-O 9. b3 e6 10. Nf3 Nc6 11. Be2 Bd7 12. Qd2 d5 13. c5 Nc8 14. a3 N8e7 15. Bh6
Bxh6 16. Qxh6 Nf5 17. Qd2 Qf6 18. Rd1 Qg7 19. O-O Rad8 20. b4 a6 21. Qf4 g5 22.
Qxg5 Qxg5 23. Nxg5 Nfxd4 24. Bh5 f6 25. Nf3 Nf5 26. Rfe1 Ng7 27. Bg4 Ne7 28. h4
e5 29. Bxd7 Rxd7 30. g4 Rdd8 31. g5 e4 32. gxf6 Rxf6 33. Ne5 Ne6 34. Rd2 Kh8
35. Red1 Rg8+ 36. Kf1 Nf4 37. Nxd5 Nexd5 38. Rxd5 Nxd5 39. Rxd5 Rf5 0-1

[Event "BEM 2011 M-Klasse"]
[Site "Berlin"]
[Date "2012.04.08"]
[Round "2.5"]
[White "Lerch, Philipp"]
[Black "Jahnz, Fabian"]
[Result "0-1"]
[WhiteElo "2048"]
[BlackElo "2245"]
[PlyCount "65"]
[EventDate "2012.??.??"]
[WhiteTeam "SK König Tegel 1949"]
[BlackTeam "SK König Tegel 1949"]

1. e4 e5 2. Nf3 Nc6 3. Bc4 Bc5 4. d3 Nf6 5. c3 d6 6. Bb3 a6 7. Nbd2 Ba7 8. Nf1
O-O 9. Ng3 h6 10. h3 Be6 11. O-O Qd7 12. Kh2 d5 13. Qe2 Rfe8 14. Bc2 Rad8 15.
Nh4 dxe4 16. dxe4 Nh7 17. Nh5 g6 18. Ng3 Qe7 19. Nf3 Kg7 20. Ba4 b5 21. Bb3 Na5
22. Bxe6 Qxe6 23. b3 Rd7 24. Bb2 Nc6 25. Rfd1 Red8 26. Nf1 Rxd1 27. Rxd1 Rxd1
28. Qxd1 Bxf2 29. Bc1 Qd6 30. Qe2 Bb6 31. Ng3 Nf6 32. Nh4 Qc5 33. Qd2 0-1

[Event "BEM 2011 M-Klasse"]
[Site "Berlin"]
[Date "2012.04.08"]
[Round "2.6"]
[White "Offermann, Fernando"]
[Black "Gebigke, Martin"]
[Result "1/2-1/2"]
[WhiteElo "2130"]
[BlackElo "2180"]
[PlyCount "35"]
[EventDate "2012.??.??"]
[WhiteTeam "SF Berlin 1903"]
[BlackTeam "SV Berolina Mitte"]

1. Nf3 Nf6 2. g3 c5 3. Bg2 g6 4. c4 Bg7 5. O-O O-O 6. Nc3 Nc6 7. d3 d6 8. Bg5
h6 9. Bd2 a6 10. a3 Rb8 11. Ne1 e6 12. Rb1 Qd7 13. Nc2 b5 14. cxb5 axb5 15. b4
cxb4 16. Nxb4 Bb7 17. Nxc6 Bxc6 18. Bxc6 1/2-1/2

[Event "BEM 2011 M-Klasse"]
[Site "Berlin"]
[Date "2012.04.08"]
[Round "2.7"]
[White "Moeller, Hendrik"]
[Black "Keskowski, Thilo"]
[Result "1-0"]
[WhiteElo "2242"]
[BlackElo "2102"]
[PlyCount "79"]
[EventDate "2012.??.??"]
[WhiteTeam "SC Weisse Dame"]
[BlackTeam "SV Berolina Mitte"]

1. c4 e5 2. g3 Nf6 3. Bg2 Nc6 4. Nc3 Bc5 5. Nf3 O-O 6. d3 h6 7. O-O Re8 8. a3
a6 9. b4 Ba7 10. Bb2 d6 11. Rc1 Be6 12. e3 Qd7 13. Re1 Bg4 14. Qc2 Rab8 15. Nd2
Ne7 16. Nb3 c6 17. d4 Ng6 18. c5 exd4 19. exd4 d5 20. Nd2 Bf5 21. Qb3 Bh3 22.
Bf3 Nh7 23. Ne2 Re7 24. Nf1 Qf5 25. Bg2 Bxg2 26. Kxg2 Ng5 27. Ng1 Rbe8 28. Ne3
Qd7 29. Qd3 Bb8 30. Re2 Bf4 31. Rce1 Bxe3 32. Rxe3 Qg4 33. Kf1 Rxe3 34. Rxe3
Rxe3 35. Qxe3 Qd1+ 36. Qe1 Qd3+ 37. Qe2 Qb1+ 38. Kg2 Qe4+ 39. f3 Nxf3 40. Qxf3
1-0

[Event "BEM 2011 M-Klasse"]
[Site "Berlin"]
[Date "2012.04.08"]
[Round "2.8"]
[White "Boettcher, Patrick"]
[Black "Noetzel, Felix"]
[Result "1-0"]
[WhiteElo "2166"]
[BlackElo "2091"]
[PlyCount "43"]
[EventDate "2012.??.??"]
[WhiteTeam "SC Zitadelle Spandau 1977"]
[BlackTeam "SC Borussia Friedrichsfelde 1920"]

1. e4 e5 2. Nf3 Nc6 3. Bb5 f5 4. Nc3 fxe4 5. Nxe4 Nf6 6. Nxf6+ Qxf6 7. O-O Bc5
8. Qe2 Nd4 9. Nxd4 Bxd4 10. c3 Bb6 11. d4 O-O 12. dxe5 Qe7 13. Kh1 c6 14. Bc4+
Kh8 15. f4 d6 16. Be3 Bc7 17. exd6 Qxd6 18. Bd4 Qg6 19. Qe7 Bd6 20. Bxg7+ Qxg7
21. Qxd6 Bf5 22. Qe5 1-0

[Event "BEM 2011 M-Klasse"]
[Site "Berlin"]
[Date "2012.04.08"]
[Round "2.9"]
[White "Slepuschkin, Shenis"]
[Black "Shapiro, Yosip"]
[Result "1-0"]
[WhiteElo "2095"]
[BlackElo "2152"]
[PlyCount "119"]
[EventDate "2012.??.??"]
[WhiteTeam "SK Zehlendorf"]
[BlackTeam "SV Berolina Mitte"]

1. b3 d5 2. e3 Bf5 3. Bb2 e6 4. Be2 Nf6 5. f4 Nc6 6. Bb5 Bb4 7. Nf3 O-O 8. Bxc6
bxc6 9. O-O c5 10. d3 Bg4 11. Nbd2 d4 12. e4 Bxd2 13. Qxd2 Bxf3 14. Rxf3 Nd7
15. a4 e5 16. Ba3 Re8 17. Raf1 exf4 18. Rxf4 f6 19. Rf5 Re5 20. Qa5 c6 21. Qa6
Rxf5 22. Rxf5 g6 23. Rf1 Kg7 24. Qxc6 Rc8 25. Qa6 Rc7 26. Qa5 Qc8 27. Bc1 Ne5
28. Bf4 Re7 29. Bxe5 fxe5 30. h3 Qc7 31. Qxc7 Rxc7 32. a5 a6 33. g4 Rb7 34. g5
Rb5 35. Rf6 Rxa5 36. Rc6 Kf7 37. Kf2 Ke7 38. Ke2 Kd7 39. Rf6 Ke7 40. Rb6 Kf7
41. Kd2 Ra1 42. Rb7+ Kg8 43. Ra7 Rh1 44. Rxa6 Rxh3 45. Re6 Rh2+ 46. Kc1 Rg2 47.
Rxe5 h5 48. gxh6 Kh7 49. Rxc5 Kxh6 50. b4 Rf2 51. Rd5 g5 52. Rxd4 g4 53. e5 Kh5
54. e6 Rf8 55. Rd5+ Kg6 56. e7 Re8 57. Re5 Kf6 58. Re3 Kf5 59. Kd2 Kf4 60. Ke2
1-0

[Event "BEM 2011 M-Klasse"]
[Site "Berlin"]
[Date "2012.04.09"]
[Round "3.1"]
[White "Stern, Rene"]
[Black "Kalinitschew, Sergey"]
[Result "1-0"]
[WhiteElo "2502"]
[BlackElo "2430"]
[PlyCount "81"]
[EventDate "2012.??.??"]
[WhiteTeam "SK König Tegel 1949"]
[BlackTeam "SC Kreuzberg"]

1. d4 g6 2. e4 Bg7 3. c4 d6 4. Nc3 Nc6 5. Be3 e5 6. Nge2 Nf6 7. d5 Ne7 8. f3
O-O 9. Qd2 Ne8 10. O-O-O f5 11. Kb1 a6 12. h3 f4 13. Bf2 Bd7 14. Nc1 Qb8 15.
Nb3 b6 16. Rc1 Bf6 17. Bd3 Ng7 18. Rc2 Kh8 19. Nc1 Ng8 20. b4 Be7 21. Nb3 a5
22. bxa5 bxa5 23. Rb2 Qe8 24. Nb5 Bxb5 25. cxb5 a4 26. Na5 Nf6 27. Rc1 Bd8 28.
Nc6 Qd7 29. Rb4 g5 30. Rcc4 h5 31. Rxa4 Rxa4 32. Rxa4 g4 33. hxg4 hxg4 34. Ra8
Be7 35. Ra7 gxf3 36. gxf3 Qh3 37. Nxe7 Re8 38. Ng6+ Kg8 39. Nh4 Rc8 40. Qc1 Ng4
41. Qg1 1-0

[Event "BEM 2011 M-Klasse"]
[Site "Berlin"]
[Date "2012.04.09"]
[Round "3.2"]
[White "Paulsen, Dirk"]
[Black "Dimitrijeski, Kristian"]
[Result "1-0"]
[WhiteElo "2371"]
[BlackElo "2207"]
[PlyCount "67"]
[EventDate "2012.??.??"]
[WhiteTeam "SG Lasker Steglitz-Wilmersdorf"]
[BlackTeam "SK König Tegel 1949"]

1. c4 c6 2. Nf3 d5 3. b3 Nf6 4. Bb2 Bf5 5. d3 e6 6. Nbd2 Bd6 7. Nh4 Bg6 8. h3
Qe7 9. a3 a5 10. g4 e5 11. Bg2 d4 12. Nxg6 hxg6 13. e3 dxe3 14. fxe3 Na6 15.
O-O O-O 16. g5 Nh5 17. Ne4 Nc5 18. Nxd6 Qxd6 19. d4 exd4 20. exd4 Ne6 21. Qg4
Rad8 22. Rad1 Qg3 23. Rf3 Qc7 24. Rdf1 Qb6 25. Rd3 Qc7 26. Bc1 Qd6 27. d5 cxd5
28. Bxd5 Qc5+ 29. Kg2 b5 30. b4 axb4 31. axb4 Qe7 32. Rdf3 bxc4 33. Rxf7 Nhf4+
34. Bxf4 {ZUe Schwarz} 1-0

[Event "BEM 2011 M-Klasse"]
[Site "Berlin"]
[Date "2012.04.09"]
[Round "3.3"]
[White "Jahnz, Fabian"]
[Black "Jaervinen, Rauno"]
[Result "1/2-1/2"]
[WhiteElo "2245"]
[BlackElo "2182"]
[PlyCount "130"]
[EventDate "2012.??.??"]
[WhiteTeam "SK König Tegel 1949"]
[BlackTeam "SF Berlin 1903"]

1. e4 e6 2. d4 d5 3. Nc3 Bb4 4. exd5 exd5 5. Bd3 Nc6 6. a3 Bxc3+ 7. bxc3 Nge7
8. Qf3 Be6 9. Ne2 Qd7 10. O-O O-O-O 11. h3 h5 12. Nf4 Bf5 13. Nxh5 Bxd3 14.
cxd3 Nf5 15. Ng3 Nh4 16. Qg4 f5 17. Qg5 Qf7 18. Ne2 Rd6 19. Qg3 Rg6 20. Bg5 Rh5
21. f4 Re6 {(=)} 22. Rae1 Ng6 23. Qf3 Nge7 24. Bxe7 Nxe7 25. Ng3 Rhh6 26. Re5
Rxe5 27. dxe5 Rb6 28. Qe3 a6 29. a4 Ng6 30. Re1 Qe6 31. Ne2 Ne7 32. Nd4 Qg6 33.
Qe2 Qg3 34. Qd2 Rb2 35. Qxb2 Qxe1+ 36. Kh2 Qe3 37. g3 Qxd3 38. Qc2 Qxc2+ 39.
Nxc2 c5 40. g4 Kd7 41. Kg3 b5 42. axb5 axb5 43. Kh4 Ke6 44. Kg5 fxg4 45. hxg4
Nc6 46. Kg6 d4 47. cxd4 Nxd4 48. Ne3 c4 49. Nf5 Nxf5 50. gxf5+ Kd5 51. e6 c3
52. e7 c2 53. e8=Q c1=Q 54. Qxb5+ Ke4 55. Qb4+ Kf3 56. Kxg7 Qc7+ 57. Kg6 Qc2
58. Qd4 Kg4 59. Qe5 Qd3 60. Kf6 Qd8+ 61. Kg7 Qd7+ 62. Kg6 Qd3 63. Kf6 Qd8+ 64.
Kg7 Qd7+ 65. Kf6 Qd8+ 1/2-1/2

[Event "BEM 2011 M-Klasse"]
[Site "Berlin"]
[Date "2012.04.09"]
[Round "3.4"]
[White "Gebigke, Martin"]
[Black "Moeller, Hendrik"]
[Result "0-1"]
[WhiteElo "2180"]
[BlackElo "2242"]
[PlyCount "220"]
[EventDate "2012.??.??"]
[WhiteTeam "SV Berolina Mitte"]
[BlackTeam "SC Weisse Dame"]

{Partieende: 23:05 Uhr} 1. e4 c6 2. d4 d5 3. e5 c5 4. Nf3 Nc6 5. Nc3 Bg4 6.
dxc5 e6 7. Bb5 Bxc5 8. O-O a6 9. Bxc6+ bxc6 10. Na4 Ba7 11. h3 Bh5 12. Be3 d4
13. Bxd4 Qa5 14. Bxa7 Rxa7 15. Nc3 Rd7 16. Qe2 Ne7 17. Rfd1 Rb7 18. Ne4 O-O 19.
Nd6 Rb4 20. g4 Bg6 21. c4 Rbb8 22. b3 c5 23. Nh4 Nc6 24. f4 h6 25. f5 Bh7 26.
Nf3 Rfd8 27. Rac1 Rd7 28. Rc2 Rbd8 29. Rcd2 Qc7 30. Qe3 Ne7 31. f6 Nc8 32. Nxc8
Qxc8 33. fxg7 Kxg7 34. Kf2 Rxd2+ 35. Rxd2 Rxd2+ 36. Qxd2 Qc6 37. Qf4 Bg6 38. h4
Be4 39. Nd2 Bh7 40. Qf6+ Kg8 41. Qd8+ Kg7 42. Qf6+ Kg8 43. Qxh6 Qh1 44. Qg5+
Kf8 45. Qh6+ Kg8 46. Qg5+ Kf8 47. Nf3 Be4 48. Qd8+ Kg7 49. Ng5 Qxh4+ 50. Ke3
Qe1+ 51. Kf4 Bg6 52. Qf6+ Kg8 53. Qd8+ Kg7 54. Nf3 Qe4+ 55. Kg3 Qb1 56. Qf6+
Kg8 57. Qd8+ Kg7 58. Qd2 Be4 59. Qg5+ Kf8 60. Qd8+ Kg7 61. Qg5+ Kf8 62. Qe3
Bxf3 63. Kxf3 Qxa2 64. Qxc5+ Kg7 65. Qe3 Qc2 66. Qg5+ Kf8 67. Qe3 Kg7 68. c5 a5
69. Kg3 Kg8 70. Kf3 Kg7 71. Kf4 Kg8 72. Kg3 Kg7 73. Qg5+ Kf8 74. Qd8+ Kg7 75.
Qxa5 Qxb3+ 76. Kh4 Qb2 77. Kh3 Qxe5 78. Qb4 Qe3+ 79. Kg2 Qe2+ 80. Kg3 Qe3+ 81.
Kg2 Qe2+ 82. Kg3 Qd3+ 83. Kf2 Kg6 84. Kg2 Kg5 85. Qb8 Qe2+ 86. Kh1 Qf1+ 87. Kh2
Qf2+ 88. Kh1 Qf3+ 89. Kh2 Qf2+ 90. Kh1 Qxc5 91. Qg8+ Kh4 92. Qh7+ Kg3 93. Qh2+
Kxg4 94. Qg3+ Kh5 95. Qb8 Qc1+ 96. Kg2 Qd2+ 97. Kh3 Qe3+ 98. Kh2 Qe2+ 99. Kh1
Qf3+ 100. Kh2 Qf2+ 101. Kh1 Qh4+ 102. Kg2 Qg5+ 103. Kh3 Qf5+ 104. Kg3 Qd3+ 105.
Kh2 Qe2+ 106. Kh1 f5 107. Qh8+ Kg4 108. Qg7+ Kf3 109. Qc3+ Qe3 110. Qg7 Qe1+
0-1

[Event "BEM 2011 M-Klasse"]
[Site "Berlin"]
[Date "2012.04.09"]
[Round "3.5"]
[White "Stark, Ingo"]
[Black "Offermann, Fernando"]
[Result "0-1"]
[WhiteElo "2184"]
[BlackElo "2130"]
[PlyCount "68"]
[EventDate "2012.??.??"]
[WhiteTeam "TSG Oberschöneweide"]
[BlackTeam "SF Berlin 1903"]

1. e4 c5 2. Nf3 d6 3. d4 cxd4 4. Nxd4 Nf6 5. Nc3 a6 6. h3 e6 7. g4 b5 8. Bg2
Bb7 9. O-O b4 10. Nd5 exd5 11. exd5 Be7 12. g5 Nfd7 13. Nc6 Qc7 14. Nxe7 Kxe7
15. Qd4 Kf8 16. Re1 Nc5 17. Bf4 Nbd7 18. Re2 f6 19. Rae1 Ne5 20. gxf6 gxf6 21.
Bh6+ Kf7 22. f4 Ng6 23. f5 Ne5 24. Qh4 Rag8 25. Qh5+ Ke7 26. Kh2 Kd8 27. Qh4
Qf7 28. a3 Rxg2+ 29. Kxg2 Qxd5+ 30. Kf1 Qh1+ 31. Kf2 Qf3+ 32. Kg1 Rg8+ 33. Kh2
Rg2+ 34. Rxg2 Qxg2# 0-1

[Event "BEM 2011 M-Klasse"]
[Site "Berlin"]
[Date "2012.04.09"]
[Round "3.6"]
[White "Zschaebitz, Klaus"]
[Black "Boettcher, Patrick"]
[Result "0-1"]
[WhiteElo "2123"]
[BlackElo "2166"]
[PlyCount "96"]
[EventDate "2012.??.??"]
[WhiteTeam "BSG 1827 Eckbauer"]
[BlackTeam "SC Zitadelle Spandau 1977"]

1. d4 Nf6 2. c4 e6 3. g3 d5 4. Nf3 dxc4 5. Qa4+ Nbd7 6. Bg2 c5 7. O-O a6 8.
Qxc4 b5 9. Qc2 Bb7 10. Nc3 cxd4 11. Nxd4 Bxg2 12. Kxg2 Rc8 13. Qd1 Bc5 14. Nb3
Bb4 15. Bd2 O-O 16. a3 Be7 17. Bf4 Qb6 18. e4 Nc5 19. Nxc5 Bxc5 20. Qe2 Qb7 21.
f3 Rfd8 22. Bg5 Be7 23. Rfd1 h6 24. Be3 Rxd1 25. Qxd1 Nd7 26. Qd3 Ne5 27. Qe2
Nc4 28. Nd1 Qc6 29. Bd4 Rd8 30. Bc3 Bf6 31. Qe1 Bxc3 32. Qxc3 Rd2+ 33. Kh3 Qd7
34. b3 Rxd1 35. Rxd1 Qxd1 36. bxc4 Qf1+ 37. Kg4 bxc4 38. Qa5 Qd3 39. Qxa6 h5+
40. Kh3 Qf1+ 41. Kh4 Qxf3 42. Kh3 Qxe4 43. a4 Qg4+ 44. Kg2 Qe2+ 45. Kg1 Qe1+
46. Kg2 c3 47. Kf3 Qd1+ 48. Qe2 c2 0-1

[Event "BEM 2011 M-Klasse"]
[Site "Berlin"]
[Date "2012.04.09"]
[Round "3.7"]
[White "Moritz, Aron"]
[Black "Slepuschkin, Shenis"]
[Result "1-0"]
[WhiteElo "2104"]
[BlackElo "2095"]
[PlyCount "63"]
[EventDate "2012.??.??"]
[WhiteTeam "SV Empor Berlin"]
[BlackTeam "SK Zehlendorf"]

1. e4 c5 2. Nf3 Nc6 3. d4 cxd4 4. Nxd4 Qb6 5. Nb3 Nf6 6. Nc3 e6 7. Be3 Qc7 8.
a3 a6 9. f4 d6 10. Bd3 Be7 11. Qf3 O-O 12. g4 b5 13. O-O Bb7 14. Qh3 g6 15. g5
Ne8 16. f5 b4 17. axb4 exf5 18. exf5 Nxb4 19. fxg6 fxg6 20. Qe6+ Kh8 21. Bd4+
Ng7 22. Rf7 Rxf7 23. Qxf7 Rg8 24. Bxg6 Bd8 25. Qf4 Qc6 26. Be4 Qd7 27. Bxh7
Kxh7 28. Qh4+ Kg6 29. Qh6+ Kf7 30. Rf1+ Nf5 31. Qh7+ Kf8 32. Rxf5+ 1-0